An ecological and evolutionary ethic (Record no. 15829)

000 -LEADER
fixed length control field 00533cam a2200205 4500
020 ## - INTERNATIONAL STANDARD BOOK NUMBER
ISBN 0132229439
-- 0132229358 (pbk.)
040 ## - CATALOGING SOURCE
Transcribing agency DLC
082 00 - DEWEY DECIMAL CLASSIFICATION NUMBER
Classification number 301 PRE 1974 A078 Or.
100 1# - MAIN ENTRY--AUTHOR NAME
Personal name Kozlovsky, Daniel G.,
245 13 - TITLE STATEMENT
Title An ecological and evolutionary ethic
260 ## - PUBLICATION, DISTRIBUTION, ETC. (IMPRINT)
Place of publication Englewood Cliffs, N.J.,
Name of publisher Prentice-Hall
Year of publication [1974]
300 ## - PHYSICAL DESCRIPTION
Number of Pages xi, 116 p.
Dimensions 24 cm.
650 #0 - SUBJECT ADDED ENTRY--TOPICAL TERM
Topical Term Ecology.
650 #0 - SUBJECT ADDED ENTRY--TOPICAL TERM
Topical Term Evolution (Biology)
650 #0 - SUBJECT ADDED ENTRY--TOPICAL TERM
Topical Term Biology
650 #2 - SUBJECT ADDED ENTRY--TOPICAL TERM
Topical Term Ecology.
650 #2 - SUBJECT ADDED ENTRY--TOPICAL TERM
Topical Term Environment.
650 #2 - SUBJECT ADDED ENTRY--TOPICAL TERM
Topical Term Evolution.
942 ## - ADDED ENTRY ELEMENTS (KOHA)
Koha item type សៀវភៅភាសាអង់គ្លេស
952 ## - LOCATION AND ITEM INFORMATION (KOHA)
Withdrawn status [LOCAL, KOHA] 0
Holdings
Permanent Location Date acquired Koha item type Lost status Shelving location Barcode Current Location Full call number
Library Block A2017-12-13សៀវភៅភាសាអង់គ្លេស A078A09412Library Block A301 PRE 1974 A078 Or.
មជ្ឈមណ្ឌលឯការនៃសាកលវិទ្យាល័យភូមិន្ទកសិកម្មចំការដូង

Powered by Koha